Normal view
MARC view
Entry Topical Term
001 - CONTROL NUMBER
- control field: 49276
003 - CONTROL NUMBER IDENTIFIER
- control field: OSt
005 - DATE AND TIME OF LATEST TRANSACTION
- control field: 20241204144100.0
008 - FIXED-LENGTH DATA ELEMENTS
- fixed length control field: 241204|| aca||aabn | a|a d
040 ## - CATALOGING SOURCE
- Original cataloging agency: OSt
- Transcribing agency: OSt
150 ## - HEADING--TOPICAL TERM
- Topical term or geographic name entry element: Anti-rightist campaign, Authoritarian regime, China, Maozedong, Repression.
670 ## - SOURCE DATA FOUND
- Source citation: Work cat.: (OSt): Qian, Jingyuan and Bai, Steve 49275, Loyalty signaling, bureaucratic compliance, and variation in state repression in authoritarian regimes
